| 000 | 00485nam a2200145Ia 4500 | ||
|---|---|---|---|
| 008 | 170224s9999 xx 000 0 und d | ||
| 100 | _aMary E. Barth | ||
| 245 | _aConceptual framework for financial reporting: an introduction to the special issue by the guest editors | ||
| 245 | _cMary E. Barth, Christopher Nobes & Ann Tarca | ||
| 260 | _bAccounting and Business Research | ||
| 260 | _c2015 | ||
| 300 | _a45:5, Pages: 543-544 | ||
| 650 | _xAccountancy | ||
| 650 | _xAccounting | ||
| 999 |
_c316112 _d316112 |
||